| 000 | 01049nam0a22003011 4500 | ||
|---|---|---|---|
| 001 | rc\3012240 | ||
| 005 | 20250806201042.0 | ||
| 035 | _a(NLR Aleph) 007154700 | ||
| 090 |
_a5270 _c5270 |
||
| 100 | _a20050324d1941 u y0rusy50 ca | ||
| 101 | 0 | _arus | |
| 102 | _aRU | ||
| 105 | _aa z ||||y | ||
| 200 | 1 |
_aПравда и ложь _e[Cтихи-загадки] _fБорис Быков и Николай Давиденков _gРис. Н. Давиденкова |
|
| 210 |
_aЛенинград _cБ. и. _d1941 |
||
| 215 |
_a12 с. _cил. _d15 см |
||
| 225 | 1 | _aДом занимательной науки | |
| 300 | _aНа обл. авт. не указаны | ||
| 320 | _aБиблиогр.: с. 12 | ||
| 700 | 1 |
_aБыков _bБ.Б. _gБорис Борисович |
|
| 701 | 1 |
_aДавиденков _bН. _gНиколай |
|
| 801 | 0 |
_aRU _bNLR _gpsbo |
|
| 801 | 1 |
_aRU _bELAR _2rusmarc |
|
| 852 |
_aNLR _jДл02 Г-1/1 |
||
| 942 | _cBOOK | ||
| 945 | _aРоссийская национальная библиотека | ||
| 980 | _aNB | ||
| 980 | _aBV | ||